000 01522nam a22004697a 4500
001 11361574
003 LIBRIS
005 20210427065150.0
008 090331s1992 xxu 000 0 eng c
020 _a1881659003
040 _aOg
_beng
_cDLC
041 _aeng
080 _a663.2
_bU-43
082 0 4 _a641.2
_222 (machine generated)
084 _aQcaf(x)
_2kssb/8
110 _91239
_aThe Wine Spectator
245 0 4 _aThe Wine spectator's ultimate guide to buying wine.
_n1993 edition
246 1 3 _aWine spectator magazine's ultimate guide to buying wine.
246 1 3 _aUltimate guide to buying wine.
260 _aSan Francisco, Calif.
_bWine Spectator Press,
_ccop. 1992
300 _a[var. pag., ca 500 p.
_bill.
365 _b16.95 usd
650 7 _aVin
_2sao
_0162495
650 0 _aWine Making
_9729
650 0 _aWine
650 0 _aWine and wine making
653 _aმეღვინეობა
772 0 0 _7nn
_tThe Wine spectator's ultimate guide to buying wine
_dSan Francisco, Calif. : Wine Spectator Press, 1992-
_x1058-5729
_w10585729
942 _2udc
_cBK
999 _c1902
_d1902